| 000 | 00690nam a22002537a 4500 | ||
|---|---|---|---|
| 003 | UA-OsUOA | ||
| 001 | 24266 | ||
| 007 | ta | ||
| 008 | 20040212b un ||||| |||| 00| 0 ukr d | ||
| 100 | _aМахновець Л. Є. | ||
| 090 |
_a82(09)(477) _bМ36 |
||
| 942 | _cBK | ||
| 040 |
_aUA-OsUOA _bukr _cUA-OsUOA _dUA-OsUOA |
||
| 245 |
_aПро автора "Слова о полку Ігоревім" _bмонографія |
||
| 300 | _a264 с. | ||
| 955 | _a1 | ||
| 041 | _aukr | ||
| 080 | _a82(09)(477) | ||
| 020 | _a5-11-001566-Х | ||
| 260 |
_aК. _bКУ _c1989 |
||
| 044 | _aUA | ||
| 650 | 7 |
_a82 Література. Літературознавство _2UDC |
|
| 999 |
_c310533 _d310533 |
||